Systematic politics

Uloženo v:
Podrobná bibliografie
Hlavní autor: Catlin, George E. Gordon
Médium: Kniha
Jazyk:Undetermined
Vydáno: Chicago University of Chicago Press 1945
Témata:
Tagy: Přidat tag
Žádné tagy, Buďte první, kdo otaguje tento záznam!
Thư viện lưu trữ: Trung tâm Học liệu Trường Đại học Cần Thơ
LEADER 00487nam a2200181Ia 4500
001 CTU_78302
008 210402s9999 xx 000 0 und d
082 |a 320 
082 |b C357 
100 |a Catlin, George E. Gordon 
245 0 |a Systematic politics 
245 0 |c George E. Gordon Catlin 
260 |a Chicago 
260 |b University of Chicago Press 
260 |c 1945 
650 |a Political science 
904 |i Năm 
980 |a Trung tâm Học liệu Trường Đại học Cần Thơ